Biblioteca y Centro de Documentación

¿Quién se beneficia de los cultivos transgénicos? (Registro nro. 23590)

Detalles MARC
000 -CABECERA
Longitud fija campo de control 01590nam a2200409 c 4500
001 - NÚMERO DE CONTROL
Número de control 23590
003 - IDENTIFICADOR DE NÚMERO DE CONTROL
Identificador del número de control ES-MaCES
005 - FECHA Y HORA DE LA ÚLTIMA TRANSACCIÓN
Fecha y hora de la última transacción 20141221122844.0
008 - CAMPO FIJO DE DESCRIPCIÓN FIJA--INFORMACIÓN GENERAL
Códigos de información de longitud fija   110223s2010 ne do t 000 | spa d
035 ## - NÚMERO DE CONTROL DEL SISTEMA
Número de control del sistema CES20110001180m
040 ## - FUENTE DE CATALOGACIÓN
Centro catalogador de origen ES-MaCES
Lengua de catalogación spa
Centro transcriptor ES-MaCES
245 01 - MENCIÓN DE TÍTULO
Título ¿Quién se beneficia de los cultivos transgénicos?
Resto del título : el cambio climático y la gran estafa de los transgénicos : septiembre, nº 117
Mención de responsabilidad, etc. [informe anual publicado por Amigos de la Tierra internacional ; autores, Pete Riley, Kirtana Chandrasekaran, Ronnie Hall]
260 ## - PUBLICACIÓN, DISTRIBUCIÓN, ETC (PIE DE IMPRENTA)
Lugar de publicación, distribución, etc. Amsterdam
Nombre del editor, distribuidor, etc. Amigos de la Tierra Internacional
Fecha de publicación, distribución, etc. [2010]
300 ## - DESCRIPCIÓN FÍSICA
Extensión 39 p.
Otras características físicas gráf., fot. bl. y n.
Dimensiones 30 cm
500 ## - NOTA GENERAL
Nota general En la cub.: Soberanía alimentaria
504 ## - NOTA DE BIBLIOGRAFÍA, ETC.
Nota de bibliografía, etc. Bibliografía
541 ## - NOTA DE LA FUENTE INMEDIANTE DE ADQUISICIÓN
Forma de adquisición Gratuito
650 #4 - ASIENTO SECUNDARIO DE MATERIA--TÉRMINO DE MATERIA
Término de materia o nombre geográfico como elemento inicial biotecnología
9 (RLIN) 29780
650 #4 - ASIENTO SECUNDARIO DE MATERIA--TÉRMINO DE MATERIA
Término de materia o nombre geográfico como elemento inicial tecnología de alimentos
9 (RLIN) 27674
650 #4 - ASIENTO SECUNDARIO DE MATERIA--TÉRMINO DE MATERIA
Término de materia o nombre geográfico como elemento inicial cultivo alimenticio
9 (RLIN) 27560
650 #4 - ASIENTO SECUNDARIO DE MATERIA--TÉRMINO DE MATERIA
Término de materia o nombre geográfico como elemento inicial cambio climático
9 (RLIN) 30961
650 #4 - ASIENTO SECUNDARIO DE MATERIA--TÉRMINO DE MATERIA
Término de materia o nombre geográfico como elemento inicial evaluación del impacto
9 (RLIN) 30732
650 #4 - ASIENTO SECUNDARIO DE MATERIA--TÉRMINO DE MATERIA
Término de materia o nombre geográfico como elemento inicial Estados Unidos
9 (RLIN) 28373
650 #4 - ASIENTO SECUNDARIO DE MATERIA--TÉRMINO DE MATERIA
Término de materia o nombre geográfico como elemento inicial América del Sur
9 (RLIN) 26894
650 #4 - ASIENTO SECUNDARIO DE MATERIA--TÉRMINO DE MATERIA
Término de materia o nombre geográfico como elemento inicial internacional
9 (RLIN) 26674
650 #4 - ASIENTO SECUNDARIO DE MATERIA--TÉRMINO DE MATERIA
Término de materia o nombre geográfico como elemento inicial estudio de casos
9 (RLIN) 28846
653 10 - TÉRMINO DE INDEXACIÓN--NO CONTROLADO
Término no controlado Agricultura-Ganadería
700 1# - ENCABEZAMIENTO SECUNDARIO--NOMBRE PERSONAL
Nombre de persona Riley, Pete
9 (RLIN) 22061
700 1# - ENCABEZAMIENTO SECUNDARIO--NOMBRE PERSONAL
Nombre de persona Chandrasekaran, Kirtana
9 (RLIN) 9483
700 1# - ENCABEZAMIENTO SECUNDARIO--NOMBRE PERSONAL
Nombre de persona Hall, Ronnie
9 (RLIN) 14417
710 2# - ENCABEZAMIENTO SECUNDARIO--NOMBRE CORPORATIVO
Nombre de entidad o nombre de jurisdicción como elemento inicial Amigos de la Tierra Internacional
Término indicativo de función ed.
9 (RLIN) 1314
740 02 - ENCABEZAMIENTO SECUNDARIO--TÍTULO ANALÍTICO/RELACIONADO NO CONTROLADO
Título relacionado o analítico no controlado Soberanía alimentaria
787 0# - ENTRADA DE OTRAS ESPECIFICACIONES
Título ¿Quién se beneficia de los cultivos transgénicos?
Número de control del registro relacionado (ES-MaCES)22414
902 ## - CES. TIPO DE DOCUMENTO
Tipodoc (006$c Sirtex) DOC Literatura gris
942 ## - ELEMENTOS KOHA
Fuente de clasificaión o esquema Clasificación propia del CES
Koha [por defecto] tipo de item Monografías
Parte de clasificación 5.0.
Existencias
Número de registro Signatura completa Tipo de item de Koha
078691 DOC-5.0.-79 Monografías
© CES, Consejo Económico y Social de España 2021